| 000 | 004330000a22001690004500 | ||
|---|---|---|---|
| 003 | MACL | ||
| 005 | 20160112125806.0 | ||
| 008 | 160112b xxu||||| |||| 00| 0 eng d | ||
| 040 |
_aMACL _cMACL |
||
| 041 | _aEnglish | ||
| 082 | _a920/WHE | ||
| 100 |
_aWheatley, Henry B _931194 |
||
| 245 |
_aThe Diary of Samuel Pepys _bvol 7 |
||
| 260 |
_bG Bell & Sons Ltd _c1913 _aLondon |
||
| 650 |
_aBiography _931195 |
||
| 942 |
_cBK _k920/WHE _2ddc |
||
| 999 |
_c37810 _d37810 |
||